[Event "Cullera op-A 25th"]
[Site "Cullera"]
[Date "2004.07.28"]
[Round "8"]
[White "Amate Tortosa, Bernardo"]
[Black "Remoli Sargues, Francisco"]
[Result "1-0"]
[WhiteElo "2179"]
[BlackElo "2039"]
[PlyCount "83"]
[EventDate "2004.07.??"]
[EventType "swiss"]
[EventRounds "9"]
[EventCountry "ESP"]
[SourceTitle "CBM 101 Extra"]
[Source "ChessBase"]
[SourceDate "2004.09.01"]
[SourceVersion "2"]
[SourceVersionDate "2004.09.01"]
[SourceQuality "1"]

1. e4 d6 2. d4 Nf6 3. Nc3 e5 4. Nf3 Nbd7 5. Bc4 Be7 6. a4 0-0 7. a5 exd4 8. Qxd4 Ng4 9. 0-0 Bf6 10. Qd1 Nge5 11. Nxe5 Nxe5 12. Bb3 Kh8 13. Nd5 c6 14. Ne3 Qc7 15. f4 Ng6 16. c3 Re8 17. Bc2 Rb8 18. g4 h6 19. Bb3 Be6 20. Bxe6 fxe6 21. g5 Bd8 22. Qh5 Qf7 23. gxh6 gxh6 24. Qxh6+ Qh7 25. Qxh7+ Kxh7 26. Nc4 Bc7 27. f5 Ne5 28. Nxe5 dxe5 29. fxe6 Rg8+ 30. Kh1 Rbe8 31. Rf7+ Rg7 32. Rxg7+ Kxg7 33. Be3 Kf6 34. Bxa7 Ra8 35. Be3 Rxa5 36. Rxa5 Bxa5 37. Kg2 Kxe6 38. Kg3 b5 39. Kg4 b4 40. cxb4 Bxb4 41. h4 Bf8 42. h5 1-0

[Event "ESP-ch U14"]
[Site "Mondariz"]
[Date "2004.07.05"]
[Round "2"]
[White "Remoli Sargues, Francisco"]
[Black "Perez Malvido, Javier"]
[Result "1-0"]
[WhiteElo "2039"]
[BlackElo "1810"]
[PlyCount "57"]
[EventDate "2004.07.04"]
[EventType "swiss"]
[EventRounds "9"]
[EventCountry "ESP"]
[SourceTitle "CBM 101 Extra"]
[Source "ChessBase"]
[SourceDate "2004.09.01"]
[SourceVersion "2"]
[SourceVersionDate "2004.09.01"]
[SourceQuality "1"]

1. e4 c5 2. Nc3 e6 3. f4 Nc6 4. Nf3 g6 5. Bb5 Nge7 6. e5 Bg7 7. Ne4 0-0 8. 0-0 Nd4 9. Nxd4 cxd4 10. b3 Qb6 11. Bd3 Nd5 12. Ba3 Rd8 13. Bc5 Qc6 14. Bxd4 Nb4 15. Bc3 Nxd3 16. cxd3 b6 17. Qg4 Ba6 18. Qh3 h6 19. Rfe1 d5 20. exd6 Bxc3 21. dxc3 Kg7 22. Qe3 f5 23. Qd4+ Kg8 24. Nf6+ Kf7 25. Rxe6 Qc5 26. Re7+ Kf8 27. Nd7+ Rxd7 28. Qxc5 bxc5 29. Rxd7 1-0

[Event "Manises-chT"]
[Site "Manises"]
[Date "2003.11.08"]
[Round "5"]
[White "Remoli Sargues, Francisco"]
[Black "Plaza Pardo, Daniel"]
[Result "1-0"]
[WhiteElo "2035"]
[BlackElo "2091"]
[PlyCount "47"]
[EventDate "2003.10.11"]
[EventType "team"]
[EventRounds "9"]
[EventCountry "ESP"]
[SourceTitle "CBM 097 Extra"]
[Source "ChessBase"]
[SourceDate "2004.01.13"]
[SourceVersion "1"]
[SourceVersionDate "2004.01.13"]
[SourceQuality "1"]

1. e4 c5 2. Nc3 Nc6 3. Bb5 g6 4. Bxc6 dxc6 5. d3 Bg7 6. Be3 b6 7. Qd2 e5 8. Nge2 Qd6 9. 0-0 Be6 10. f4 f6 11. a3 0-0-0 12. b4 c4 13. d4 Kb8 14. Rfd1 Ne7 15. b5 Bg4 16. Qe1 Bxe2 17. Nxe2 Qc7 18. bxc6 Nxc6 19. fxe5 fxe5 20. d5 Na5 21. Nc3 Nb7 22. Nb5 Qd7 23. Rab1 Nd6 24. Nxa7 1-0